00579nam a2200205Ia 4500003000400000005001700004008004100021020001800062040001800080041000800098082001700106100001900123245006100142250001200203260003700215300002900252650002900281650003600310650002700346OSt20240925093628.0210716s2011 xx 000 0 und d a9780749462130 cAIMIT LIBRARY aeng a38221bBARC aBarrow, Colin. a30 day MBA in international business /cBy Colin Barrow. a1st ed. aNew Delhi :bKogan Page ,c2011. avii,300p. ;bPBc24.2 cm aGlobal business strategy aInernational marketing strategy aFinance and accounting